00441nam a2200157Ia 45000010006000000050017000060080041000230410008000640820024000721000028000962450106001242600009002303000028002396500008002676540008002752462320260414151056.0260414t2018||||xx |||||||||||||| ||spa|| aESP a345.721bB141 V. 51 aShica Segui, LeslyeAUT 0aArbitraje :bactas del segundo seminario de actualización en contrataciones con el estado GICE 2017 c2018 a131 páginas :c24 cm. aDER aCDE